| 000 | 00516nam a22001937a 4500 | ||
|---|---|---|---|
| 003 | OSt | ||
| 005 | 20140310181913.0 | ||
| 008 | 130713t xxu||||| |||| 00| 0 eng d | ||
| 020 | _a971717993x | ||
| 050 |
_aBF 481 _b.Ol1994 |
||
| 082 |
_aTR 331.25 _bOl4 2005 |
||
| 245 |
_aWork : prison or place of destiny / _cDavid Oliver. |
||
| 260 |
_aUnited Kingdom : _bLife Cycle Press, _cc2005. |
||
| 300 |
_a218 p. ; _c20 cm. |
||
| 521 | _aFaculty | ||
| 541 | _j1 | ||
| 562 | _e1 | ||
| 942 |
_2lcc _cBK-TR _kTR |
||
| 999 |
_c6604 _d6604 |
||